Strategic supply chain alignment : best practice in supply chain management
Αποθηκεύτηκε σε:
| Άλλοι συγγραφείς: | |
|---|---|
| Μορφή: | Βιβλίο |
| Γλώσσα: | English |
| Δημοσίευση: |
Hampshire :
Gower,
c1998
|
| Θέματα: | |
| Ετικέτες: |
Προσθήκη ετικέτας
Δεν υπάρχουν, Καταχωρήστε ετικέτα πρώτοι!
|
MARC
| LEADER | 00000cam a2200000 i 4500 | ||
|---|---|---|---|
| 001 | 1/17359 | ||
| 008 | 010220s1998 eng d | ||
| 020 | |a 0-566-07825-2 (hbk.) | ||
| 035 | |l 10066105 | ||
| 040 | |a GR-MY-UA |b gre |e aacr | ||
| 041 | 0 | |a eng | |
| 082 | 0 | |a 658.7 | |
| 245 | 1 | 0 | |a Strategic supply chain alignment : |b best practice in supply chain management / |c edited by John Gattorna, assistant editors Theresa Jones ... [et al.] |
| 260 | |a Hampshire : |b Gower, |c c1998 | ||
| 300 | |a xiv, 671 p. | ||
| 504 | |a Includes bibliographical references and index | ||
| 650 | 0 | 0 | |a Business logistics. |
| 650 | 0 | 0 | |a Delivery of goods |x Management. |
| 700 | 1 | |a Gattorna, John. |4 edt | |
| 852 | |a INST |b CHIOS |e 20010220 |h 658.7 STR |p 005200016888 |q 005200016888 |t BK |y 0 | ||
| 901 | |a BIBL2-2001-1 | ||
| 909 | |a Χ |b 082963 | ||
| 970 | |a ΣΠΕΝΤΖΑ |b ΕΛΕΝΗ |z 2001/02/20 | ||